BIBLIOTECA

SENCICO

Derecho del trabajo en construcción civil / (Registro nro. 3044)

Detalles MARC
000 -LEADER
fixed length control field 00938nam a2200229Ia 4500
003 - CONTROL NUMBER IDENTIFIER
control field PE SENCICO BE
005 - DATE AND TIME OF LATEST TRANSACTION
control field 20251020182601.0
008 - FIXED-LENGTH DATA ELEMENTS--GENERAL INFORMATION
fixed length control field 200515s9999 xx 000 0 und d
040 ## - CATALOGING SOURCE
Original cataloging agency PE SENCICO BE
Transcribing agency PE SENCICO BE
041 ## - LANGUAGE CODE
Language code of text/sound track or separate title spa
082 ## - DEWEY DECIMAL CLASSIFICATION NUMBER
Classification number S 344.001985
Item number D
110 1# - MAIN ENTRY--CORPORATE NAME
Corporate name or jurisdiction name as entry element Servicio Nacional de Capacitación para la Industria de la Construcción.
9 (RLIN) 3001
Subordinate unit Oficina de Asesoría Legal
245 10 - TITLE STATEMENT
Title Derecho del trabajo en construcción civil /
Statement of responsibility, etc. Servicio Nacional de Capacitación para la Industria de la Construcción
260 ## - PUBLICATION, DISTRIBUTION, ETC.
Place of publication, distribution, etc. Lima :
Name of publisher, distributor, etc. SENCICO ;
Date of publication, distribution, etc. 1986
300 ## - PHYSICAL DESCRIPTION
Extent 64 páginas :
Dimensions 21 cm.
505 0# - FORMATTED CONTENTS NOTE
Formatted contents note Beneficios de los trabajadores -- Jornada de trabajo -- Remuneraciones -- Indemnizaciones -- Convenciones colectivas de trabajo -- Seguridad social
650 10 - SUBJECT ADDED ENTRY--TOPICAL TERM
Topical term or geographic name entry element Derecho laboral
9 (RLIN) 2526
650 20 - SUBJECT ADDED ENTRY--TOPICAL TERM
Topical term or geographic name entry element Construcción civil
9 (RLIN) 3000
650 20 - SUBJECT ADDED ENTRY--TOPICAL TERM
Topical term or geographic name entry element Beneficios sociales
9 (RLIN) 2561
651 10 - SUBJECT ADDED ENTRY--GEOGRAPHIC NAME
9 (RLIN) 661
Geographic name Perú
942 ## - ADDED ENTRY ELEMENTS (KOHA)
Koha item type Pub. SENCICO
Source of classification or shelving scheme Dewey Decimal Classification
Existencias
Fecha de la última vez que lo usaron Número de ingreso o de inventario Pago total Signatura topográfica completa Código de barras Precio efectivo desde Tipo de documento Estado perdido Sistema de clasificación Estado dañado No es para préstamo Retirado Ubicación permanente Ubicación actual Fecha de adquisición
15/05/2020 2838   S/344.001985/D BibLima25030056 15/05/2020 Pub. SENCICO   Dewey Decimal Classification       Biblioteca Central Lima Biblioteca Central Lima 15/05/2020